Statistics for Countries by Chocolate Consumption

Click here to take the quiz!

General Stats

  • This quiz has been taken 27 times
  • The average score is 8 of 10

Answer Stats

Pounds/Person Country % Correct
18.1Switzerland
96%
16.3Germany
96%
15.7Austria
96%
13.0Norway
96%
11.0Sweden
96%
15.1Ireland
92%
14.6United Kingdom
88%
12.0Estonia
50%
10.7Slovakia
46%
10.9Kazakhstan
8%

Score Distribution

Percentile by Number Answered

Percent of People with Each Score

Your Score History

You have not taken this quiz